000 01542nam0a2200337 4500
001 RU\NLR\bibl\1508616
005 20250616022651.0
010 _a978-5-7473-0489-5
_9600
021 _aRU
_b2010-23840
_91597
035 _a(nilc)RSL-KNO-004625048
035 _a(NLR Aleph) 001500025
090 _a1793480
_c1793480
100 _a20100407d2009 |||y0rusy50 ca
101 0 _arus
102 _aRU
105 _aa zzzz|||||
200 1 _aЭкономика железнодорожного транспорта, организация и планирование производства
_eучебное пособие
_fС. С. Минеева
_gМосковский гос. ун-т путей сообщ.
210 _aМосква
_cРОАТ
_d2009
215 _a80 с.
_cил.
_d21
320 _aБиблиогр.: с. 78-79
606 1 _aЖелезнодорожный транспорт
_jУчебные издания для высших учебных заведений
_xЭкономика
_91066899
_3RU\NLR\auth\66414861
610 0 _aЭкономика -- Российская Федерация -- Железнодорожный транспорт -- Учебник для высшей школы
686 _aУ9(2)372.0я73-1
_2rubbk
686 _aУ37(2)2я73
700 1 _aМинеева
_bС. С.
_gСветлана Сергеевна
_4070
801 0 _aRU
_bРГБ
_c20100407
_gRCR
801 1 _aRU
_bРГБ
_c20100407
801 2 _aRU
_bNLR
_c20100507
_grcr
942 _cBOOK
980 _aNB